logo

Bir Sreshtho Munshi Abdur Rouf Library
Jhenaidah Cadet College

মাধ্যমিক বিদ্যালয়ে সামাজিক বিজ্ঞান শিক্ষণ / (Record no. 7585)

MARC details
000 -LEADER
fixed length control field 00705nam a2200217 a 4500
001 - CONTROL NUMBER
JCCL Control Number 7585
003 - CONTROL NUMBER IDENTIFIER
JCCL marc code BD-JhCC
005 - DATE AND TIME OF LATEST TRANSACTION
control field 20180212084950.0
008 - FIXED-LENGTH DATA ELEMENTS--GENERAL INFORMATION
fixed length control field 180212s1975 bg a|||| ||a| 000 0 be d
035 ## - SYSTEM CONTROL NUMBER
system control number (BD-JhCC)7585
040 ## - CATALOGING SOURCE
Original cataloging agency BD-JhCC
Modifying agency BD-JhCC
041 ## - LANGUAGE CODE
Language code of Book ben
082 ## - DEWEY DECIMAL CLASSIFICATION NUMBER
Classification number 300.1
Author mark and Year KHA 1975
100 ## - MAIN ENTRY--PERSONAL NAME
Personal name খাতুন,শরিফা
245 ## - TITLE STATEMENT
Title মাধ্যমিক বিদ্যালয়ে সামাজিক বিজ্ঞান শিক্ষণ /
Statement of responsibility, etc শরিফা খাতুন .
260 ## - PUBLICATION, DISTRIBUTION, ETC. (IMPRINT)
Place of publication, distribution, etc ঢাকা :
Name of publisher, distributor, etc বাংলা একাডেমী ;
Date of publication, distribution, etc 1975 .
300 ## - PHYSICAL DESCRIPTION
Pagination 386 p. :
Other physical details ill ;
Dimensions 22 cm.
651 ## - SUBJECT ADDED ENTRY--GEOGRAPHIC NAME
Geographic name Social Science
942 ## - ADDED ENTRY ELEMENTS (KOHA)
Source of classification or shelving scheme Library of Congress Classification
Koha item type Books
Holdings
Source of classification or shelving scheme Damaged status Not for loan Home library Current library Shelving location Date of accession Cost, normal purchase price Total Checkouts Full call number Barcode Date last seen Copy number Koha item type
Dewey Decimal Classification     JCC Rouf Library JCC Rouf Library General Stacks 02/12/2018 24.00   300.1 KHA 1975 946 02/12/2018 C-1 Books

JCC Library | Contacts | JCC Home

Last Update on 23 September 2017
Copyright @ 2017-2020 JCC Rouf Library
Rouf Library, Jhenidah Cadet College (JCC), Bangladesh